| 000 | 00000nam##2200000za#4500 |
| 001 | 9.603584 |
| 003 | CaOODSP |
| 005 | 20210624211139 |
| 007 | cr ||||||||||| |
| 008 | 150406|2012||||xxc|||||o f|0| 0 fre|d |
| 022 | |a1701-5421 |
| 040 | |aCaOODSP|bfre |
| 043 | |an-cn--- |
| 086 | 1 |aFA1-2001/1-0F-PDF |
| 110 | 1 |aCanada. |bBureau du vérificateur général. |
| 245 | 10|aRapport de la vérificatrice générale du Canada à la Chambre des communes - 2001 : |h[ressource électronique]|bquestions d'une importance particulière - 2001 |
| 260 | |aOttawa - Ontario : |bBureau du vérificateur général du Canada |
| 300 | |a21p.|bgraphiques, tableaux |
| 490 | 1 |aRapport de la vérificatrice générale du Canada à la Chambre des communes|x1701-5421|vDécembre 2001 |
| 590 | |a12-14-Supp|b2012-04-10 |
| 775 | 08|tReport of the Auditor General of Canada to the House of Commons - 2001 : |w(CaOODSP)9.573417 |
| 830 | #0|aRapport de la vérificatrice générale du Canada à la Chambre des communes,|x1701-5421|vDécembre 2001|w(CaOODSP)9.502618 |
| 856 | 40|ahttp://publications.gc.ca|qPDF|s650 Ko|uhttps://publications.gc.ca/collections/Collection/FA1-2001-1-0F.pdf|yDécembre 2001 |